Biomateriales : (Record no. 146636)

MARC details
000 -CABECERA
campo de control de longitud fija 00553nam a2200193 u 4500
005 - FECHA Y HORA DE LA ÚLTIMA TRANSACCIÓN
campo de control 20210223131217.0
008 - ELEMENTOS DE LONGITUD FIJA--INFORMACIÓN GENERAL
campo de control de longitud fija 100208s2004 r 000 0 eng d
020 ## - NÚMERO INTERNACIONAL NORMALIZADO PARA LIBROS
Número Internacional Estándar del Libro 9502314514
035 ## - NÚMERO DE CONTROL DEL SISTEMA
Número de control de sistema UPN01000174532
049 ## - COLECCIÓN
Colección CG
050 #4 - SIGNATURA TOPOGRÁFICA DE LA BIBLIOTECA DEL CONGRESO
Número de clasificación R857 M3
Número de documento/Ítem D8.2
100 1# - ASIENTO PRINCIPAL--NOMBRE PERSONAL
Nombre de persona Duffó, Gustavo Sergio
245 10 - MENCIÓN DE TÍTULO
Título Biomateriales :
Resto del título una mejor calidad de vida /
Mención de responsabilidad, etc. Gustavo S. Duffó.
260 ## - PUBLICACIÓN, DISTRIBUCIÓN, ETC.
Lugar de publicación, distribución, etc. Buenos Aires :
Nombre del editor, distribuidor, etc. Eudeba,
-- 2005.
300 ## - DESCRIPCIÓN FÍSICA
Extensión 120 p. :
Otras características físicas il., tablas
440 #0 - MENCIÓN DE SERIE/ASIENTO SECUNDARIO--TÍTULO
Título Ciencia joven ;
Designación de volumen o secuencia 5
650 #4 - ASIENTO SECUNDARIO DE MATERIA - TERMINO TEMATICO
Término de materia o nombre geográfico como elemento de entrada MATERIALES BIOMEDICOS
9 (RLIN) 16901
905 ## - TIPO DE MATERIAL
Tipo de material Libro
Holdings
Estado de retiro Estado de pérdida Fuente del sistema de clasificación o colocación Estado dañado No para préstamo Código de colección Localización permanente Ubicación/localización actual Ubicación en estantería Total de préstamos Clasificación Código de barras Fecha visto por última vez Número de copia Tipo de ítem Koha
    Library of Congress Classification     Colección General Bib. Gregorio Torres Quintero Bib. Gregorio Torres Quintero Planta baja   R857 M3 D8.2 275320 31/12/2020 1 Libro
    Library of Congress Classification     Colección General Bib. Gregorio Torres Quintero Bib. Gregorio Torres Quintero Planta baja   R857 M3 D8.2 272967 31/12/2020 1 Libro
    Library of Congress Classification     Colección General Bib. Gregorio Torres Quintero Bib. Gregorio Torres Quintero Planta baja   R857 M3 D8.2 269420 31/12/2020 1 Libro